[Event "SLO-chT NML 31st"]
[Site "Ptuj/Grosuplje"]
[Date "2021.10.17"]
[Round "6.3"]
[White "Buzeti, Jernej"]
[Black "Diermair, Andreas"]
[Result "1/2-1/2"]
[WhiteElo "2257"]
[BlackElo "2495"]
[PlyCount "36"]
[EventDate "2021.10.08"]
[EventType "team-tourn"]
[EventRounds "9"]
[EventCountry "SLO"]
[SourceTitle "EXT 2023"]
[Source "ChessBase"]
[SourceDate "2022.10.05"]
[SourceVersion "1"]
[SourceVersionDate "2022.10.05"]
[SourceQuality "1"]
[WhiteTeam "Maribor Poligram"]
[BlackTeam "Ljubljana Tajfun"]
[WhiteTeamCountry "SLO"]
[BlackTeamCountry "SLO"]

1. e4 c6 2. d4 d5 3. Nd2 dxe4 4. Nxe4 Nf6 5. Nxf6+ exf6 6. c3 Bd6 7. Bd3 0-0 8. Qc2 Re8+ 9. Ne2 h5 10. Be3 Be6 11. 0-0-0 Nd7 12. h3 Qa5 13. a3 h4 14. Rhg1 Bh2 15. Rh1 Bc7 16. Rhg1 Bh2 17. Rh1 Bc7 18. Rhg1 Bh2 1/2-1/2

[Event "EU-Cup 36th"]
[Site "Struga"]
[Date "2021.09.21"]
[Round "4.5"]
[White "Buzeti, Jernej"]
[Black "Predke, Alexandr"]
[Result "0-1"]
[WhiteElo "2236"]
[BlackElo "2662"]
[PlyCount "66"]
[EventDate "2021.09.18"]
[EventType "team-swiss"]
[EventRounds "7"]
[EventCountry "MKD"]
[SourceTitle "CBM 204 Extra"]
[Source "ChessBase"]
[SourceDate "2021.11.30"]
[SourceVersion "1"]
[SourceVersionDate "2021.11.30"]
[SourceQuality "1"]
[WhiteTeam "Maribor Poligram"]
[BlackTeam "Alkaloid"]
[WhiteTeamCountry "SLO"]
[BlackTeamCountry "MKD"]

1. e4 d6 2. d4 g6 3. Nc3 Bg7 4. Be3 a6 5. Qd2 b5 6. a4 b4 7. Na2 a5 8. c3 Nf6 9. f3 bxc3 10. Nxc3 0-0 11. Bc4 Nc6 12. Nge2 Nb4 13. 0-0 c6 14. Na2 Rb8 15. Nac3 d5 16. exd5 Nfxd5 17. Bf2 Nb6 18. Bb3 Ba6 19. Rfd1 Nc4 20. Bxc4 Bxc4 21. Be3 Re8 22. Ne4 Nd5 23. Bf2 Qb6 24. Rdc1 Bxe2 25. Qxe2 Bxd4 26. Bxd4 Qxd4+ 27. Qf2 Qxf2+ 28. Nxf2 Rxb2 29. Rxc6 Reb8 30. Nd3 Rd2 31. Ne1 Rbb2 32. Rac1 Ne3 33. g3 Rf2 0-1

[Event "EU-Cup 35th"]
[Site "Ulcinj"]
[Date "2019.11.15"]
[Round "6.8"]
[White "Buzeti, Jernej"]
[Black "Rozentalis, Eduardas"]
[Result "1/2-1/2"]
[WhiteElo "2211"]
[BlackElo "2547"]
[PlyCount "69"]
[EventDate "2019.11.10"]
[EventType "team-swiss"]
[EventRounds "7"]
[EventCountry "MNE"]
[SourceTitle "CBM 193 Extra"]
[Source "ChessBase"]
[SourceDate "2020.01.31"]
[SourceVersion "1"]
[SourceVersionDate "2020.01.31"]
[SourceQuality "1"]
[WhiteTeam "Maribor"]
[BlackTeam "Koge Xtracon"]
[WhiteTeamCountry "SLO"]
[BlackTeamCountry "DEN"]

1. e4 c6 2. d4 d5 3. Nd2 Qc7 4. Bd3 dxe4 5. Nxe4 Bf5 6. Ng3 Bxd3 7. Qxd3 e6 8. Nf3 Nd7 9. Bd2 Ngf6 10. 0-0-0 0-0-0 11. Kb1 c5 12. dxc5 Bxc5 13. Qe2 h6 14. Bc3 Rhg8 15. Bd4 Kb8 16. Ne4 Nxe4 17. Qxe4 Nf6 18. Qe2 Bxd4 19. Nxd4 a6 20. Nf3 Nd5 21. g3 Nb4 22. a3 Nc6 23. Rxd8+ Rxd8 24. Rd1 Rxd1+ 25. Qxd1 g5 26. h4 f6 27. hxg5 fxg5 28. Nd4 Nxd4 29. Qxd4 e5 30. Qd5 Qe7 31. g4 e4 32. Qf5 e3 33. fxe3 Qxe3 34. Ka2 Qf4 35. Qe6 1/2-1/2

[Event "Miercurea Ciuc Bancpost op 19th"]
[Site "Miercurea Ciuc"]
[Date "2016.08.17"]
[Round "4"]
[White "Buzeti, Jernej"]
[Black "Sandor, Tamas1111"]
[Result "1-0"]
[WhiteElo "2196"]
[BlackElo "2059"]
[PlyCount "75"]
[EventDate "2016.08.14"]
[EventType "swiss"]
[EventRounds "7"]
[EventCountry "ROU"]
[SourceTitle "EXT 2020"]
[Source "ChessBase"]
[SourceDate "2019.10.17"]
[SourceVersion "1"]
[SourceVersionDate "2019.10.17"]
[SourceQuality "1"]

1. e4 c5 2. Nf3 e6 3. d4 cxd4 4. Nxd4 Nc6 5. Nc3 Qc7 6. Be3 Nf6 7. Qd2 a6 8. 0-0-0 Bb4 9. f3 0-0 10. a3 Bxc3 11. Qxc3 d5 12. Bg5 dxe4 13. Nxc6 bxc6 14. Bxf6 Qf4+ 15. Kb1 Qxf6 16. Qxf6 gxf6 17. fxe4 c5 18. Bd3 Bb7 19. Rdf1 Kg7 20. Rf4 Rad8 21. Rhf1 Rd4 22. b3 f5 23. exf5 e5 24. f6+ Kh6 25. R4f2 Bd5 26. Bxa6 Ra8 27. Be2 Rxa3 28. Kb2 Ra7 29. Rf5 e4 30. Rh5+ Kg6 31. Rff5 Be6 32. Rhg5+ Kh6 33. Rxc5 Rd2 34. Bb5 Rf2 35. g4 Rxh2 36. Rg8 e3 37. Be2 Bxg4 38. Bxg4 1-0

[Event "Graz op"]
[Site "Graz"]
[Date "2015.09.05"]
[Round "8"]
[White "Buzeti, Jernej"]
[Black "Humburg, Philipp"]
[Result "0-1"]
[WhiteElo "2184"]
[BlackElo "2186"]
[PlyCount "126"]
[EventDate "2015.08.29"]
[EventType "swiss"]
[EventRounds "9"]
[EventCountry "AUT"]
[SourceTitle "EXT 2016"]
[Source "ChessBase"]
[SourceDate "2015.10.08"]
[SourceVersion "1"]
[SourceVersionDate "2015.10.08"]
[SourceQuality "1"]

1. e4 c5 2. Nf3 Nc6 3. d4 cxd4 4. Nxd4 Nf6 5. Nc3 d6 6. Bg5 e6 7. Qd2 a6 8. 0-0-0 Bd7 9. f4 h6 10. Bh4 g5 11. fxg5 Ng4 12. Nxc6 Bxc6 13. Be2 Ne5 14. g3 Ng6 15. Kb1 Be7 16. gxh6 Nxh4 17. gxh4 Qa5 18. Rhf1 Qe5 19. Qf4 Qxf4 20. Rxf4 Rxh6 21. Rdf1 Rxh4 22. Rxh4 Bxh4 23. Bh5 0-0-0 24. Bxf7 Kd7 25. a3 Ke7 26. Bg6 Rg8 27. Rf7+ Kd8 28. Rh7 Bf6 29. Rh6 Bg5 30. Bf7 Bxh6 31. Bxg8 Ke7 32. h4 Kf6 33. e5+ Kxe5 34. Bh7 Kf4 35. Ne2+ Ke3 36. Nc3 Kf3 37. Bg6 e5 38. b4 Bd2 39. Nd1 Ke2 40. Nb2 b5 41. h5 Bh6 42. a4 Kd2 43. axb5 axb5 44. c4 e4 45. cxb5 Bd5 46. b6 e3 47. Bd3 e2 48. Bxe2 Kxe2 49. Nc4 Bf4 50. Na5 Be4+ 51. Kb2 d5 52. Nc6 Ke3 53. Kc3 d4+ 54. Nxd4 Be5 55. Kc4 Bxd4 56. Kb5 Bb7 57. h6 Ke4 58. h7 Kd5 59. Ka5 Kc4 60. Ka4 Kd5 61. Kb5 Bg7 62. Ka4 Kc6 63. Ka5 Bf6 0-1

[Event "HUN-chT2 Charousek 1415"]
[Site "Hungary"]
[Date "2015.01.25"]
[Round "5"]
[White "Szente Varga, Fruzsina"]
[Black "Buzeti, Jernej"]
[Result "1/2-1/2"]
[WhiteElo "2156"]
[BlackElo "2256"]
[PlyCount "38"]
[EventDate "2014.10.12"]
[EventType "team-tourn"]
[EventRounds "9"]
[EventCountry "HUN"]
[SourceTitle "EXT 2016"]
[Source "ChessBase"]
[SourceDate "2015.10.08"]
[SourceVersion "1"]
[SourceVersionDate "2015.10.08"]
[SourceQuality "1"]
[WhiteTeam "Paks ASE II"]
[BlackTeam "SZASTE"]
[WhiteTeamCountry "HUN"]
[BlackTeamCountry "HUN"]

1. e4 c5 2. Nf3 d6 3. d4 cxd4 4. Qxd4 a6 5. Be3 Nc6 6. Qb6 Qxb6 7. Bxb6 Nf6 8. Nc3 Bg4 9. Be2 g6 10. h3 Bxf3 11. Bxf3 Rc8 12. 0-0-0 Bh6+ 13. Kb1 Nd7 14. Na4 Nce5 15. Be2 Nc4 16. Bd4 0-0 17. Bxc4 Rxc4 18. Nc3 Bg7 19. Bxg7 Kxg7 1/2-1/2

[Event "Split op 4th"]
[Site "Split"]
[Date "2014.08.17"]
[Round "3"]
[White "Buzeti, Jernej"]
[Black "Drazic, Sinisa"]
[Result "0-1"]
[WhiteElo "2244"]
[BlackElo "2433"]
[PlyCount "68"]
[EventDate "2014.08.16"]
[EventType "swiss"]
[EventRounds "9"]
[EventCountry "CRO"]
[SourceTitle "CBM 161 Extra"]
[Source "ChessBase"]
[SourceDate "2014.08.29"]
[SourceVersion "1"]
[SourceVersionDate "2014.08.29"]
[SourceQuality "1"]

1. e4 c5 2. Nf3 e6 3. d4 cxd4 4. Nxd4 a6 5. c4 Nf6 6. Nc3 Qc7 7. a3 b6 8. Be3 Bb7 9. f3 d6 10. Be2 Be7 11. 0-0 Nbd7 12. Qd2 0-0 13. Rac1 Rac8 14. b4 Qb8 15. Nb3 Rfe8 16. Rfd1 d5 17. cxd5 exd5 18. Bf4 Bd6 19. Bxd6 Qxd6 20. Nxd5 Nxd5 21. Rxc8 Rxc8 22. exd5 Nf6 23. Qd4 h5 24. f4 Qxd5 25. Qxd5 Bxd5 26. Nd4 b5 27. Nf5 Re8 28. Bf1 g6 29. Nd4 Re3 30. Bd3 Be4 31. Bxe4 Nxe4 32. Nc2 Rc3 33. Re1 f5 34. Re2 h4 0-1

[Event "Styrian op-A"]
[Site "Bad Gleichenberg"]
[Date "2014.07.09"]
[Round "5"]
[White "Buzeti, Jernej"]
[Black "Kokol, Peter"]
[Result "1/2-1/2"]
[WhiteElo "2269"]
[BlackElo "2259"]
[PlyCount "171"]
[EventDate "2014.07.05"]
[EventType "swiss"]
[EventRounds "9"]
[EventCountry "AUT"]
[SourceTitle "CBM 161 Extra"]
[Source "ChessBase"]
[SourceDate "2014.08.29"]
[SourceVersion "1"]
[SourceVersionDate "2014.08.29"]
[SourceQuality "1"]

1. e4 e6 2. d4 c5 3. Nf3 cxd4 4. Nxd4 a6 5. c4 Nf6 6. Nc3 Bb4 7. Bd3 Nc6 8. Nc2 Bxc3+ 9. bxc3 d6 10. Ba3 Qc7 11. 0-0 0-0 12. Qe2 Rd8 13. Ne3 Qa5 14. Bb2 Ne5 15. Rfd1 Bd7 16. Bc2 Bc6 17. f3 Ba4 18. Bb3 Be8 19. Kh1 Rac8 20. Rd4 Qc5 21. Rad1 a5 22. a4 Qb6 23. Qc2 Nc6 24. R4d3 Nd7 25. Ba3 Nde5 26. c5 dxc5 27. Nc4 Nxc4 28. Bxc4 Rxd3 29. Bxd3 Ne5 30. Rb1 Qc7 31. Bf1 c4 32. Rd1 Qc6 33. Bd6 Ng6 34. Rd4 Qxa4 35. Qxa4 Bxa4 36. Rxc4 Bc6 37. Be2 e5 38. Rc5 Rd8 39. Bxe5 Rd2 40. Bf1 a4 41. Bd4 h5 42. Ra5 Nf4 43. Kg1 Ne6 44. Be3 Rc2 45. c4 Kf8 46. c5 Ke8 47. h4 Kd8 48. Kh2 Rc3 49. Bf2 a3 50. Kg3 Bxe4 51. Ra8+ Ke7 52. Be1 Rc1 53. Bb4 Bc6 54. Bd3 Nxc5 55. Bxa3 Rc3 56. Bb4 Rxd3 57. Bxc5+ Ke6 58. Ra3 Rd2 59. Be3 Rc2 60. Rb3 b5 61. Bd4 g6 62. Be3 Kd5 63. Rd3+ Kc4 64. Rd4+ Kc3 65. Rd6 Kb3 66. Bd2 b4 67. Kf4 Rxd2 68. Rxd2 Kc3 69. Rd8 Bb5 70. Rb8 Bd3 71. g4 b3 72. gxh5 gxh5 73. Kg5 b2 74. Kxh5 b1Q 75. Rxb1 Bxb1 76. Kg5 Kd4 77. f4 Kd5 78. Kf6 Bg6 79. f5 Bh5 80. Kg5 Ke5 81. Kxh5 Kxf5 82. Kh6 Kg4 83. h5 f5 84. Kg6 f4 85. h6 f3 86. h7 1/2-1/2

[Event "Styrian op-A"]
[Site "Bad Gleichenberg"]
[Date "2014.07.06"]
[Round "2"]
[White "Bluebaum, Matthias"]
[Black "Buzeti, Jernej"]
[Result "1-0"]
[WhiteElo "2510"]
[BlackElo "2269"]
[PlyCount "111"]
[EventDate "2014.07.05"]
[EventType "swiss"]
[EventRounds "9"]
[EventCountry "AUT"]
[SourceTitle "CBM 161 Extra"]
[Source "ChessBase"]
[SourceDate "2014.08.29"]
[SourceVersion "1"]
[SourceVersionDate "2014.08.29"]
[SourceQuality "1"]

1. Nf3 Nf6 2. c4 c6 3. g3 d5 4. Bg2 Bf5 5. cxd5 cxd5 6. Qb3 Qb6 7. Qxb6 axb6 8. Nc3 e6 9. d3 Nc6 10. Bd2 Be7 11. Nh4 Bg6 12. 0-0 0-0 13. Nxg6 hxg6 14. Nb5 Rfd8 15. Rfc1 Bc5 16. a3 Nd4 17. Nxd4 Bxd4 18. Rc2 Rdc8 19. Rac1 Rxc2 20. Rxc2 Be5 21. Be3 Nd7 22. d4 Bd6 23. Bf4 Bxf4 24. gxf4 Nf6 25. Rc7 Rb8 26. e3 Kf8 27. Bf1 Ne4 28. Bd3 Nd6 29. Rd7 Nc4 30. Bxc4 dxc4 31. Rc7 Ke8 32. Kf1 b5 33. Ke2 b4 34. axb4 b5 35. Ra7 Rd8 36. Kf3 Rd5 37. Rc7 Rd8 38. Rb7 Rd5 39. Kg4 Kf8 40. h4 Ke8 41. Kf3 Kf8 42. Rb8+ Ke7 43. Kg4 f6 44. Rb7+ Kf8 45. Rc7 Rd6 46. Rc5 Ra6 47. Rxb5 Ra2 48. Rc5 Rxb2 49. Rxc4 Rxf2 50. Rc8+ Kf7 51. Rc7+ Kf8 52. h5 gxh5+ 53. Kxh5 Re2 54. b5 Rb2 55. Rb7 Kg8 56. f5 1-0